MARC details
| 000 -LEADER |
| fixed length control field |
02640cam a22003858i 4500 |
| 001 - CONTROL NUMBER |
| control field |
21730147 |
| 003 - CONTROL NUMBER IDENTIFIER |
| control field |
OSt |
| 005 - DATE AND TIME OF LATEST TRANSACTION |
| control field |
20220307141747.0 |
| 008 - FIXED-LENGTH DATA ELEMENTS--GENERAL INFORMATION |
| fixed length control field |
200928s2021 cau b 001 0 eng |
| 010 ## - LIBRARY OF CONGRESS CONTROL NUMBER |
| LC control number |
2020042515 |
| 020 ## - INTERNATIONAL STANDARD BOOK NUMBER |
| International Standard Book Number |
9781544331744 |
| Qualifying information |
(paperback) |
| 020 ## - INTERNATIONAL STANDARD BOOK NUMBER |
| Canceled/invalid ISBN |
9781544331751 |
| Qualifying information |
(epub) |
| 020 ## - INTERNATIONAL STANDARD BOOK NUMBER |
| Canceled/invalid ISBN |
9781544331768 |
| Qualifying information |
(epub) |
| 020 ## - INTERNATIONAL STANDARD BOOK NUMBER |
| Canceled/invalid ISBN |
9781544331782 |
| Qualifying information |
(pdf) |
| 040 ## - CATALOGING SOURCE |
| Original cataloging agency |
DLC |
| Language of cataloging |
eng |
| Transcribing agency |
DLC |
| Description conventions |
rda |
| 042 ## - AUTHENTICATION CODE |
| Authentication code |
pcc |
| 050 00 - LIBRARY OF CONGRESS CALL NUMBER |
| Classification number |
LB1027.23 |
| Item number |
.W38 2021 |
| 082 00 - DEWEY DECIMAL CLASSIFICATION NUMBER |
| Classification number |
2021 |
| Edition number |
DC 371.3 |
| Item number |
W168 |
| 100 1# - MAIN ENTRY--PERSONAL NAME |
| Personal name |
Walsh, Jackie A., |
| Relator term |
author. |
| 9 (RLIN) |
44557 |
| 245 10 - TITLE STATEMENT |
| Title |
Empowering students as questioners: |
| Remainder of title |
skills, strategies, and structures to realize the potential of every learner/ |
| Statement of responsibility, etc. |
Jackie Acree Walsh. |
| 263 ## - PROJECTED PUBLICATION DATE |
| Projected publication date |
1111 |
| 264 #1 - PRODUCTION, PUBLICATION, DISTRIBUTION, MANUFACTURE, AND COPYRIGHT NOTICE |
| Place of production, publication, distribution, manufacture |
Thousand Oaks, California: |
| Name of producer, publisher, distributor, manufacturer |
Corwin, |
| Date of production, publication, distribution, manufacture, or copyright notice |
©2021. |
| 300 ## - PHYSICAL DESCRIPTION |
| Extent |
xi, 140 pages: |
| Other physical details |
illustrations; |
| Dimensions |
25 cm. |
| 336 ## - CONTENT TYPE |
| Content type term |
text |
| Content type code |
txt |
| Source |
rdacontent |
| 337 ## - MEDIA TYPE |
| Media type term |
unmediated |
| Media type code |
n |
| Source |
rdamedia |
| 338 ## - CARRIER TYPE |
| Carrier type term |
volume |
| Carrier type code |
nc |
| Source |
rdacarrier |
| 500 ## - GENERAL NOTE |
| General note |
Includes bibliographical references and index. |
| 520 ## - SUMMARY, ETC. |
| Summary, etc. |
"The first edition of Thinking Though Quality Questioning provided teachers with an accessible, research-based blueprint for developing student meta-cognitive skills and ensuring that students take responsibility for their own learning. Walsh and Sattes use the findings of cognitive scientists to highlight quality questioning behaviors and explain how to connect these to discrete student meta-cognitive outcomes. Each chapter includes teacher best practice in questioning and relates this to how students think and how they can be trained to manage their own learning. This second edition hones in on the concept of Student Response-Ability, defined as: "the student's capacity to form a thoughtful response when presented with a question or issue, the confidence to express this thinking verbally and/or through action, and the commitment to contribute to a learning community." The new edition restructures the book around student "I" statements or mindsets that enforce its theme of student-centricity. It also expands on the concept of feedback by showing teachers how to help students both receive it and give it. It provides new information on making the classroom safe and healthy for students. About half of the content will be new or restructured"-- |
| Assigning source |
Provided by publisher. |
| 650 #0 - SUBJECT ADDED ENTRY--TOPICAL TERM |
| Topical term or geographic name as entry element |
Inquiry-based learning. |
| 9 (RLIN) |
44558 |
| 650 #0 - SUBJECT ADDED ENTRY--TOPICAL TERM |
| Topical term or geographic name as entry element |
Questioning. |
| 9 (RLIN) |
44559 |
| 650 #0 - SUBJECT ADDED ENTRY--TOPICAL TERM |
| Topical term or geographic name as entry element |
Teacher-student relationships. |
| 9 (RLIN) |
44560 |
| 906 ## - LOCAL DATA ELEMENT F, LDF (RLIN) |
| a |
0 |
| b |
vip |
| c |
orignew |
| d |
1 |
| e |
ecip |
| f |
20 |
| g |
y-gencatlg |
| 942 ## - ADDED ENTRY ELEMENTS (KOHA) |
| Source of classification or shelving scheme |
Dewey Decimal Classification |
| Koha item type |
Circulation |